000
00207nam a2200097Ia 4500
005
20251222114342.0
008
251222s1900||||xx |||||||||||||| ||spa||
082
_a
DVD0070/T78
245
0
_a
Carancho:
942
_c
DVD
999
_c
886
_d
886